[Event "Tourn. n7955"]
[Site "www.chess-mail.com"]
[Date "2015.02.02"]
[Round "1"]
[White "Picifarkinca"]
[Black "Anja"]
[WhiteElo "2000"]
[BlackElo "2000"]
[Result "1-0"]
[Round "1"]
1.Ng1f3 g6
2.c4 Bf8g7
3.Nb1c3 e5
4.d4 exd4
5.Nf3xd4 Ng8e7
6.Nd4b5 O-O
7.Bc1f4 d6
8.c5 a6
9.Nb5xc7 Bg7xc3
10.bxc3 Qd8xc7
11.cxd6 Qc7xc3
12.Bf4d2 Qc3c5
13.dxe7 Qc5xe7
14.Qd1b3 Bc8e6
15.Qb3b2 Nb8c6
16.e3 Rf8d8
17.Bf1e2 { resign }
1-0

[Event "Tourn. n7814"]
[Site "www.chess-mail.com"]
[Date "2015.02.02"]
[Round "1"]
[White "Georgepapi"]
[Black "Anja"]
[WhiteElo "1700"]
[BlackElo "1690"]
[Result "1-0"]
[Round "1"]
1.e4 Ng8f6
2.e5 Nf6d5
3.d4 d6
4.Ng1f3 g6
5.c4 Nd5b6
6.Nb1c3 Bf8g7
7.Bc1f4 O-O
8.Bf1e2 Nb8c6
9.O-O Bc8g4
10.a3 Qd8c8
11.h3 Bg4d7
12.b4 dxe5
13.Nf3xe5 Nc6xe5
14.dxe5 Bd7e6
15.c5 Nb6d7
16.Nc3d5 Be6xd5
17.Qd1xd5 e6
18.Qd5d4 Rf8d8
19.Qd4e4 f6
20.exf6 Nd7xf6
21.Qe4c4 Nf6d5
22.Ra1d1 Nd5xf4
23.Qc4xf4 e5
24.Be2c4 Kh8
25.Rd1xd8 Qc8xd8
26.Qf4f7 Ra8c8
27.Bc4d5 c6
28.Bd5e6 Rc8c7
29.Qf7f3 Qd8f6
30.Qf3xf6 Bg7xf6
31.Rf1d1 Kg7
32.Kf1 Rc7e7
33.Be6c8 Bf6g5
34.a4 b6
35.Rd1d6 bxc5
36.bxc5 Re7c7
37.Rd6d7 Rc7xd7
38.Bc8xd7 Bg5e7
39.Bd7xc6 Be7xc5
40.Ke2 Kf6
41.f3 Bc5d4
42.Kd3 Kf5
43.Ke2 Kf4
44.Bc6e4 Kg3
45.Kf1 Bd4b6
46.Be4d3 Bb6c5
47.Bd3c2 { resign }
1-0

[Event "Tourn. n7951"]
[Site "www.chess-mail.com"]
[Date "2015.02.02"]
[Round "1"]
[White "Anja"]
[Black "Difficult"]
[WhiteElo "1980"]
[BlackElo "1880"]
[Result "0-1"]
[Round "1"]
1.d4 Ng8f6
2.Bc1f4 d6
3.e3 g6
4.c4 Bf8g7
5.Nb1c3 O-O
6.Ng1f3 c6
7.Bf1d3 Bc8g4
8.h3 Bg4xf3
9.Qd1xf3 Rf8e8
10.O-O-O Qd8a5
11.g4 h6
12.a3 e5
13.dxe5 dxe5
14.Bf4xh6 Bg7xh6
15.Qf3xf6 Bh6g7
16.Qf6g5 Nb8a6
17.h4 Na6c5
18.Bd3xg6 fxg6
19.Qg5xg6 Qa5c7
20.h5 Qc7f7
21.Qg6xf7 Kxf7
22.g5 Re8h8
23.f4 exf4
24.exf4 Rh8d8
25.Rd1g1 Nc5d3
{ resign }
0-1

[Event "Tourn. n8054"]
[Site "www.chess-mail.com"]
[Date "2015.02.02"]
[Round "1"]
[White "Krasin"]
[Black "Xkafi"]
[WhiteElo "2280"]
[BlackElo "2000"]
[Result "1-0"]
[Round "1"]
1.e4 e5
2.Ng1f3 Qd8f6
3.Bf1c4 Bf8c5
4.Nb1c3 c6
5.O-O d6
6.h3 Nb8d7
7.d4 Bc5b6
8.dxe5 Nd7xe5
9.Nf3xe5 Qf6xe5
10.Kh1 Bb6c7
11.f4 Qe5c5
12.Qd1e2 Bc8d7
13.Bc1e3 Qc5b4
14.a3 Qb4xb2
15.Be3d4 c5
16.Bd4xg7 f6
17.Qe2h5 Kd8
18.Qh5f7 Bd7e8
19.Bg7xf6 Ng8e7
20.Qf7xe7 Kc8
21.Nc3d5 { resign }
1-0

[Event "Tourn. n7980"]
[Site "www.chess-mail.com"]
[Date "2015.02.02"]
[Round "1"]
[White "Luban"]
[Black "Blackpool"]
[WhiteElo "2080"]
[BlackElo "1840"]
[Result "1/2-1/2"]
[Round "1"]
1.d4 d5
2.Ng1f3 c6
3.e3 Bc8f5
4.c4 e6
5.a3 Ng8f6
6.Nb1c3 Bf8e7
7.h3 O-O
8.Bf1d3 Bf5xd3
9.Qd1xd3 Nb8d7
10.b4 dxc4
11.Qd3xc4 Nd7b6
12.Qc4b3 Nb6d5
13.Bc1b2 Nd5xc3
14.Bb2xc3 Nf6e4
15.O-O Ne4xc3
16.Qb3xc3 Be7d6
17.e4 Bd6c7
18.Ra1d1 Rf8e8
19.Rd1d3 Qd8e7
20.Rf1d1 Bc7b6
21.d5 exd5
22.exd5 cxd5
23.Rd3xd5 Ra8c8
24.Qc3d3 Rc8d8
25.Rd5d7 Rd8xd7
26.Qd3xd7 h6
{ draw }
1/2-1/2

[Event "Tourn. n7990"]
[Site "www.chess-mail.com"]
[Date "2015.02.02"]
[Round "1"]
[White "Francesco"]
[Black "Anja"]
[WhiteElo "2070"]
[BlackElo "1970"]
[Result "1-0"]
[Round "1"]
1.e4 Ng8f6
2.e5 Nf6d5
3.d4 d6
4.Bf1c4 e6
5.Ng1f3 Nb8c6
6.O-O Bf8e7
7.Rf1e1 O-O
8.Nb1d2 a6
9.Nd2e4 b5
10.Bc4b3 Bc8b7
11.c4 bxc4
12.Bb3xc4 Nd5b6
13.Bc4b3 dxe5
14.dxe5 Be7b4
15.Bc1d2 Bb4xd2
16.Qd1xd2 Qd8xd2
17.Ne4xd2 Rf8d8
18.Nd2c4 Nc6d4
19.Nf3xd4 { resign }
1-0

[Event "Tourn. n7806"]
[Site "www.chess-mail.com"]
[Date "2015.02.02"]
[Round "1"]
[White "Bigrezi"]
[Black "Anja"]
[WhiteElo "1900"]
[BlackElo "1650"]
[Result "1-0"]
[Round "1"]
1.e4 Ng8f6
2.e5 Nf6d5
3.d4 d6
4.Bf1c4 e6
5.Ng1f3 Nb8c6
6.c3 Bf8e7
7.Bc4xd5 exd5
8.exd6 Be7xd6
9.O-O Bc8g4
10.Bc1g5 Bg4xf3
11.Qd1e1 Bd6e7
12.gxf3 O-O
13.Bg5xe7 Qd8xe7
14.Qe1xe7 Nc6xe7
15.Nb1d2 Rf8e8
16.Rf1e1 Ne7g6
17.Nd2b3 Ng6h4
18.Re1xe8 Ra8xe8
19.f4 Re8e2
20.Ra1b1 Nh4g6
21.f5 Ng6h4
22.Kf1 Re2e7
23.f6 Re7e6
24.Nb3c5 Re6xf6
25.Rb1e1 g6
26.Re1e7 Rf6c6
27.Ke2 b6
28.Nc5d3 Rc6e6
29.Re7xe6 fxe6
30.Nd3e5 Kf8
31.f4 Nh4f5
32.Kf3 a5
33.a3 Ke7
34.Ne5g4 c5
35.dxc5 bxc5
36.Ng4e5 Kd6
37.b3 Nf5e7
38.c4 d4
39.Ke4 Ne7c6
40.Ne5f7 Ke7
41.Nf7g5 h6
42.Ng5f3 Kf6
43.h4 Nc6e7
44.Nf3e5 { resign }
1-0

[Event "Tourn. n8007"]
[Site "www.chess-mail.com"]
[Date "2015.02.02"]
[Round "1"]
[White "Anja"]
[Black "Malbertan"]
[WhiteElo "2040"]
[BlackElo "1950"]
[Result "0-1"]
[Round "1"]
1.d4 Nb8c6
2.e4 e5
3.d5 Nc6e7
4.Ng1f3 d6
5.Bf1b5 Bc8d7
6.Bb5xd7 Qd8xd7
7.O-O f5
8.Nf3g5 Ng8f6
9.f3 c6
10.c4 f4
11.Ng5e6 Ne7g6
12.Nb1c3 Kf7
13.Nc3e2 Bf8e7
14.g3 fxg3
15.hxg3 Rh8e8
16.f4 Ng6f8
{ resign }
0-1

[Event "Tourn. n8025"]
[Site "www.chess-mail.com"]
[Date "2015.02.02"]
[Round "1"]
[White "Fabos12"]
[Black "Anja"]
[WhiteElo "1900"]
[BlackElo "2010"]
[Result "1-0"]
[Round "1"]
1.e4 Ng8f6
2.Nb1c3 d5
3.e5 d4
4.Nc3e2 Nf6g4
5.Ng1f3 c5
6.h3 Ng4h6
7.g4 Nb8c6
8.d3 g6
9.Bf1g2 { resign }
1-0

[Event "Tourn. n7847"]
[Site "www.chess-mail.com"]
[Date "2015.02.02"]
[Round "1"]
[White "Johnmcbride"]
[Black "Cristero"]
[WhiteElo "1780"]
[BlackElo "1719"]
[Result "0-1"]
[Round "1"]
1.e4 c5
2.d3 g6
3.c3 Bf8g7
4.Ng1f3 Nb8c6
5.Bf1e2 d5
6.exd5 Qd8xd5
7.c4 Qd5d6
8.a3 Ng8f6
9.Nb1c3 O-O
10.O-O Bc8f5
11.Nc3b5 Qd6d7
12.h3 a6
13.Nb5c3 Rf8d8
14.Bc1e3 Bf5xd3
15.Be2xd3 Qd7xd3
16.Nc3d5 Qd3xc4
17.Nd5b6 Rd8xd1
18.Nb6xc4 Rd1xa1
19.Rf1xa1 Nf6d7
20.Ra1d1 Ra8d8
21.Rd1b1 b5
22.Nc4d2 c4
23.Be3g5 Nd7c5
24.Nd2f1 Nc5d3
25.Rb1d1 h6
26.Bg5e3 Nd3xb2
27.Rd1xd8 Nc6xd8
28.Be3d4 Nd8e6
29.Bd4xg7 Kxg7
30.Nf1d2 c3
31.Nd2b3 Nb2d3
32.Nf3d4 Ne6xd4
33.Nb3xd4 Nd3e1
34.Kf1 c2
35.Nd4b3 Ne1d3
36.Ke2 c1N
37.Nb3xc1 Nd3xc1
38.Kd2 Nc1b3
39.Kc3 Nb3a5
40.Kb4 Na5c4
41.f4 Kf6
42.g4 e5
43.fxe5 Kxe5
44.Kb3 Kf4
{ resign }
0-1

[Event "Tourn. n7879"]
[Site "www.chess-mail.com"]
[Date "2015.02.02"]
[Round "1"]
[White "Asoka"]
[Black "Manolinex"]
[WhiteElo "2670"]
[BlackElo "2710"]
[Result "1/2-1/2"]
[Round "1"]
1.e4 c5
2.Ng1f3 d6
3.d4 cxd4
4.Nf3xd4 Ng8f6
5.Nb1c3 a6
6.Bc1g5 e6
7.Qd1f3 Bf8e7
8.Bf1e2 Qd8c7
9.O-O O-O
10.a4 Nb8c6
11.Nd4xc6 bxc6
12.Qf3g3 Rf8d8
13.Rf1d1 Ra8b8
14.b3 a5
15.Rd1d2 Rb8b4
16.e5 dxe5
17.Rd2xd8 Be7xd8
18.Be2c4 Bd8e7
19.Ra1e1 Rb4b7
20.h3 Kf8
21.Nc3e4 Nf6xe4
22.Re1xe4 Be7b4
23.Re4e2 f6
24.Bg5d2 Bb4xd2
25.Re2xd2 g6
26.Qg3e3 Qc7e7
27.Rd2d3 Bc8d7
28.Bc4a6 Rb7b4
29.Qe3d2 Ke8
30.Ba6c4 e4
31.Rd3e3 e5
32.Re3xe4 Bd7e6
33.c3 Rb4b7
34.Bc4xe6 { draw }
1/2-1/2

[Event "Tourn. n8011"]
[Site "www.chess-mail.com"]
[Date "2015.02.02"]
[Round "1"]
[White "Cardiff"]
[Black "Anja"]
[WhiteElo "2020"]
[BlackElo "2040"]
[Result "1-0"]
[Round "1"]
1.c4 e5
2.Nb1c3 Nb8c6
3.g3 g6
4.Bf1g2 Bf8g7
5.d3 d6
6.Ng1f3 f5
7.Bc1g5 Ng8e7
8.O-O h6
9.Bg5xe7 Qd8xe7
10.Nc3d5 Qe7f7
11.a3 Bc8e6
12.Nf3d2 O-O
13.Ra1b1 Ra8b8
14.b4 Rf8c8
15.Nd2b3 Nc6e7
16.Nd5xe7 Qf7xe7
17.Nb3a5 c6
18.b5 d5
19.bxc6 Qe7xa3
20.cxb7 Rc8c7
21.cxd5 Qa3xa5
22.dxe6 { resign }
1-0

[Event "Tourn. n8007"]
[Site "www.chess-mail.com"]
[Date "2015.02.02"]
[Round "1"]
[White "Difficult"]
[Black "Anja"]
[WhiteElo "1990"]
[BlackElo "2040"]
[Result "1-0"]
[Round "1"]
1.d4 f5
2.Ng1f3 Ng8f6
3.b3 g6
4.Bc1b2 Bf8g7
5.c4 O-O
6.g3 Qd8e8
7.Bf1g2 d6
8.O-O Nb8c6
9.d5 Nc6d8
10.Nb1d2 e6
11.dxe6 Bc8xe6
12.Nf3g5 c6
13.Ng5xe6 Nd8xe6
14.Nd2f3 Ra8d8
15.Qd1c2 d5
16.cxd5 Rd8xd5
17.Ra1d1 Qe8d8
18.Rd1xd5 { resign }
1-0

[Event "Tourn. n8007"]
[Site "www.chess-mail.com"]
[Date "2015.02.02"]
[Round "1"]
[White "Samael"]
[Black "Anja"]
[WhiteElo "2090"]
[BlackElo "2040"]
[Result "1-0"]
[Round "1"]
1.Ng1f3 f5
2.Nb1c3 Ng8f6
3.e3 g6
4.d4 Bf8g7
5.Bf1e2 O-O
6.O-O d6
7.h3 Qd8e8
8.a3 e5
9.dxe5 { resign }
1-0

[Event "Tourn. n8021"]
[Site "www.chess-mail.com"]
[Date "2015.02.02"]
[Round "1"]
[White "Anja"]
[Black "Attatroll"]
[WhiteElo "1990"]
[BlackElo "1990"]
[Result "0-1"]
[Round "1"]
1.d4 f5
2.g3 Ng8f6
3.Bf1g2 g6
4.c4 Bf8g7
5.Nb1c3 O-O
6.e4 Nf6xe4
7.Nc3xe4 fxe4
8.Bg2xe4 c6
9.Ng1e2 d5
{ resign }
0-1

[Event "Tourn. n8021"]
[Site "www.chess-mail.com"]
[Date "2015.02.02"]
[Round "1"]
[White "Anja"]
[Black "Blackpool"]
[WhiteElo "1990"]
[BlackElo "1880"]
[Result "0-1"]
[Round "1"]
1.d4 Ng8f6
2.Bc1f4 d5
3.e3 c6
4.c4 Bc8f5
5.Ng1f3 e6
6.Nb1c3 Nb8d7
7.Bf1d3 Bf5xd3
{ resign }
0-1

[Event "Tourn. n7802"]
[Site "www.chess-mail.com"]
[Date "2015.02.02"]
[Round "1"]
[White "Anja"]
[Black "Georgepapi"]
[WhiteElo "1640"]
[BlackElo "1690"]
[Result "0-1"]
[Round "1"]
1.e4 e5
2.Ng1f3 Nb8c6
3.Bf1b5 a6
4.Bb5xc6 dxc6
5.O-O f6
6.d4 exd4
7.Nf3xd4 c5
8.Nd4e2 Bc8g4
9.f3 Bg4h5
10.Bc1e3 Bf8d6
11.Nb1c3 Ng8e7
12.Nc3d5 O-O
13.Ne2f4 Ne7xd5
14.Qd1xd5 Bh5f7
15.Qd5xb7 Qd8d7
16.e5 Bd6xe5
17.Nf4d3 Rf8b8
18.Qb7e4 Rb8e8
19.Qe4h4 Be5xb2
20.Ra1e1 Bb2c3
21.Re1e2 Qd7b5
22.Qh4f2 Bf7xa2
23.Be3xc5 Re8xe2
24.Qf2xe2 Ba2c4
25.Bc5f2 a5
26.Qe2e7 Bc4xd3
27.cxd3 Qb5b7
28.Rf1c1 Bc3e5
29.Bf2g3 Qb7b2
30.Rc1e1 Qb2d2
31.Qe7d7 Ra8b8
32.Qd7e6 Kh8
33.f4 Be5d4
34.Kh1 h6
35.Qe6c4 Rb8b2
36.Re1e8 Kh7
37.Qc4g8 Kg6
38.f5 Kxf5
39.Qg8e6 Kg5
40.h4 Kg6
41.Qe6e4 Kf7
42.Re8e7 Kf8
43.Bg3xc7 Qd2xg2
44.Qe4xg2 Rb2xg2
45.Kxg2 Kxe7
46.Bc7xa5 Ke6
47.Kf3 g5
{ resign }
0-1

[Event "Tourn. n7866"]
[Site "www.chess-mail.com"]
[Date "2015.02.02"]
[Round "1"]
[White "Anja"]
[Black "Hugol"]
[WhiteElo "1840"]
[BlackElo "1780"]
[Result "0-1"]
[Round "1"]
1.e4 e5
2.Ng1f3 Nb8c6
3.Bf1b5 a6
4.Bb5xc6 dxc6
5.O-O f6
6.d4 exd4
7.Nf3xd4 c5
8.Nd4e2 Qd8xd1
9.Rf1xd1 Bc8g4
10.f3 Bg4d7
11.Bc1f4 O-O-O
12.Nb1c3 Ng8e7
13.Nc3d5 Ne7xd5
14.Rd1xd5 Bf8e7
15.Ra1d1 Bd7c6
16.Rd5d2 Rh8e8
17.Ne2c3 Rd8xd2
18.Rd1xd2 Re8d8
19.Kf2 Rd8xd2
20.Bf4xd2 Kd7
21.Ke3 Ke6
22.Nc3e2 g5
23.Ne2g3 Be7d6
24.Bd2c3 Bd6e5
25.Bc3xe5 Kxe5
26.Ng3e2 h5
27.g3 b5
28.f4 Ke6
{ resign }
0-1

[Event "Tourn. n7999"]
[Site "www.chess-mail.com"]
[Date "2015.02.02"]
[Round "1"]
[White "Osopanda"]
[Black "Anja"]
[WhiteElo "2020"]
[BlackElo "2000"]
[Result "1-0"]
[Round "1"]
1.c4 e5
2.Nb1c3 Nb8c6
3.Ng1f3 d6
4.d4 exd4
5.Nf3xd4 Ng8f6
6.e4 Bf8e7
7.f3 O-O
8.Bc1e3 Bc8d7
9.Bf1e2 Rf8e8
10.O-O Nc6e5
11.Qd1d2 c6
12.Ra1d1 Bd7e6
13.b3 d5
14.Nd4xe6 fxe6
15.cxd5 exd5
16.exd5 Nf6xd5
17.Nc3xd5 cxd5
18.Be3d4 Be7f6
19.Be2b5 { resign }
1-0

[Event "Tourn. n7901"]
[Site "www.chess-mail.com"]
[Date "2015.02.02"]
[Round "1"]
[White "Anja"]
[Black "Colchester"]
[WhiteElo "1930"]
[BlackElo "1800"]
[Result "0-1"]
[Round "1"]
1.d4 e6
2.c4 d5
3.Bc1f4 c6
4.e3 Qd8a5
5.Nb1c3 Bf8b4
6.Qd1c2 Ng8f6
7.Bf1d3 dxc4
8.Bd3xc4 O-O
9.Ng1f3 Nf6e4
10.Ra1c1 Bb4xc3
11.bxc3 Ne4f6
12.O-O Nf6d5
13.Nf3g5 g6
14.Bf4d6 Rf8e8
15.Qc2e4 Nd5f6
16.Qe4f3 Qa5xg5
17.Bd6f4 Qg5g4
18.Qf3xg4 Nf6xg4
19.h3 Ng4f6
20.f3 Nf6d5
21.Bf4h6 Nb8d7
22.e4 Nd5b6
23.Bc4b3 c5
24.f4 cxd4
25.cxd4 Nd7f6
26.e5 Nf6d5
27.g4 Bc8d7
28.Rf1f2 Ra8c8
29.Rc1f1 Bd7b5
30.Rf1e1 Bb5c4
31.f5 Bc4xb3
32.axb3 Rc8c3
33.fxg6 hxg6
34.Re1f1 Rc3c7
35.h4 Re8c8
{ resign }
0-1

[Event "Tourn. n7970"]
[Site "www.chess-mail.com"]
[Date "2015.02.02"]
[Round "1"]
[White "Scasan55"]
[Black "Anja"]
[WhiteElo "1900"]
[BlackElo "1980"]
[Result "1-0"]
[Round "1"]
1.e4 Ng8f6
2.Nb1c3 d5
3.exd5 Nf6xd5
4.Nc3xd5 Qd8xd5
5.Ng1f3 Nb8c6
6.d4 Bc8g4
7.Bf1e2 O-O-O
8.c3 e5
9.Nf3xe5 Bg4xe2
10.Qd1xe2 Bf8d6
11.Qe2g4 Kb8
12.Ne5xc6 Qd5xc6
13.Bc1e3 g6
14.O-O f5
15.Qg4d1 f4
16.Be3d2 g5
17.Qd1g4 { resign }
1-0

[Event "Tourn. n7955"]
[Site "www.chess-mail.com"]
[Date "2015.02.02"]
[Round "1"]
[White "Anja"]
[Black "Cardiff"]
[WhiteElo "2000"]
[BlackElo "2050"]
[Result "0-1"]
[Round "1"]
1.d4 d5
2.Bc1f4 c6
3.e3 Ng8f6
4.c4 Bc8f5
5.Nb1c3 e6
6.Ng1f3 Bf8b4
7.Bf1d3 dxc4
8.Bd3xc4 O-O
9.O-O Nb8d7
10.Nf3h4 Bf5g6
11.Nh4xg6 hxg6
12.Ra1c1 Nd7b6
13.Bc4d3 Nb6d5
14.Nc3xd5 exd5
15.Qd1b3 Qd8b6
16.a3 Bb4e7
17.Qb3c2 Ra8c8
18.b4 Nf6h5
19.Bf4e5 Nh5f6
20.h4 Rf8d8
21.f3 Nf6d7
22.g4 Nd7xe5
23.dxe5 a5
24.h5 Qb6xe3
25.Kg2 Qe3xe5
26.hxg6 fxg6
27.Bd3xg6 Be7h4
28.Bg6h7 Kh8
{ resign }
0-1

[Event "Tourn. n8006"]
[Site "www.chess-mail.com"]
[Date "2015.02.02"]
[Round "1"]
[White "Anja"]
[Black "Osopanda"]
[WhiteElo "2020"]
[BlackElo "2060"]
[Result "0-1"]
[Round "1"]
1.d4 Ng8f6
2.Bc1f4 d6
3.c4 g6
4.Nb1c3 Bf8g7
5.e4 c6
6.Ng1f3 O-O
7.Bf1d3 Qd8c7
8.c5 Bc8g4
9.cxd6 exd6
10.e5 Nf6h5
11.Qd1d2 Nh5xf4
12.Qd2xf4 Bg4xf3
13.Qf4xf3 dxe5
14.dxe5 Qc7xe5
15.Qf3e2 Nb8d7
16.O-O Ra8d8
{ resign }
0-1

[Event "Tourn. n8006"]
[Site "www.chess-mail.com"]
[Date "2015.02.02"]
[Round "1"]
[White "Krasin"]
[Black "Anja"]
[WhiteElo "2150"]
[BlackElo "2020"]
[Result "1-0"]
[Round "1"]
1.e4 Ng8f6
2.e5 Nf6d5
3.d4 d6
4.c4 Nd5b6
5.f4 dxe5
6.fxe5 Nb8c6
7.Bc1e3 Bc8f5
8.Nb1c3 e6
9.Ng1f3 Bf8e7
10.Bf1e2 O-O
11.O-O f6
12.exf6 Be7xf6
13.Qd1d2 Qd8e7
14.c5 Nb6d5
15.Nc3xd5 exd5
16.Ra1e1 Qe7e4
17.Be2b5 Bf5g4
18.Bb5xc6 bxc6
19.Be3f4 Bg4xf3
20.Re1xe4 Bf3xe4
21.Bf4xc7 Ra8e8
22.Bc7e5 Bf6xe5
23.Rf1xf8 Re8xf8
24.dxe5 Rf8e8
25.Qd2a5 Re8e7
26.Qa5d8 Kf7
27.Qd8c8 d4
28.Qc8g4 Re7xe5
29.Qg4d7 Re5e7
30.Qd7xd4 { resign }
1-0

[Event "Tourn. n7970"]
[Site "www.chess-mail.com"]
[Date "2015.02.02"]
[Round "1"]
[White "Anja"]
[Black "Difficult"]
[WhiteElo "1980"]
[BlackElo "1880"]
[Result "0-1"]
[Round "1"]
1.d4 d5
2.Bc1f4 c6
3.Ng1f3 Ng8f6
4.e3 Bc8f5
5.c4 e6
6.Nb1c3 Bf8b4
7.Bf1d3 Bf5xd3
8.Qd1xd3 O-O
9.O-O Nb8d7
10.c5 Bb4xc3
11.bxc3 b6
12.cxb6 axb6
13.Bf4d6 Rf8e8
14.a4 Nf6e4
15.Bd6f4 c5
16.c4 Nd7f6
17.Nf3e5 Nf6h5
18.Bf4g3 Nh5xg3
19.hxg3 Qd8c7
20.Kh2 f6
21.Ne5f3 Qc7d7
22.Qd3b3 cxd4
{ resign }
0-1

[Event "Tourn. n8005"]
[Site "www.chess-mail.com"]
[Date "2015.02.02"]
[Round "1"]
[White "Manuel09"]
[Black "Anja"]
[WhiteElo "1919"]
[BlackElo "2020"]
[Result "1-0"]
[Round "1"]
1.e4 Ng8f6
2.e5 Nf6d5
3.d4 d6
4.c4 Nd5b6
5.exd6 exd6
6.Ng1f3 Bc8g4
7.h3 Bg4h5
8.Nb1d2 Bf8e7
9.Bf1e2 Nb8c6
10.d5 Bh5xf3
11.Nd2xf3 Nc6e5
12.b3 O-O
13.O-O Ne5xf3
14.Be2xf3 Be7f6
15.Ra1b1 Rf8e8
16.Bc1b2 Nb6d7
17.Bb2xf6 Qd8xf6
18.Rf1e1 Nd7e5
19.Bf3e4 Ne5g6
20.Be4xg6 Qf6xg6
21.Qd1d2 Kf8
22.Rb1c1 Ra8d8
23.Qd2a5 { resign }
1-0

[Event "Tourn. n7863"]
[Site "www.chess-mail.com"]
[Date "2015.02.02"]
[Round "1"]
[White "Vasylpuzanov"]
[Black "Anja"]
[WhiteElo "1820"]
[BlackElo "1850"]
[Result "1-0"]
[Round "1"]
1.e4 Ng8f6
2.Nb1c3 d5
3.exd5 Nf6xd5
4.Ng1f3 Bc8g4
5.Bf1e2 Nd5f4
6.O-O Nf4xe2
7.Qd1xe2 Nb8c6
8.Qe2e3 e6
9.Nf3e5 Nc6xe5
10.Qe3xe5 Qd8d6
11.Qe5b5 Qd6c6
12.Qb5xc6 bxc6
13.d3 Bf8d6
14.h3 Bg4f5
15.Bc1e3 O-O
16.g4 Bf5g6
17.f4 f6
18.Nc3e4 Bd6e7
19.Be3c5 Bg6xe4
20.Bc5xe7 Rf8e8
21.Be7c5 Be4g6
22.Ra1e1 Bg6f7
23.d4 a6
24.b3 a5
25.a4 Bf7g6
26.Rf1f2 Bg6f7
27.Rf2e2 g6
28.g5 f5
29.h4 Ra8b8
30.Re2e5 Re8d8
31.Re5e2 Rd8e8
32.Re2e5 { resign }
1-0

[Event "Tourn. n7834"]
[Site "www.chess-mail.com"]
[Date "2015.02.02"]
[Round "1"]
[White "Anja"]
[Black "Traub"]
[WhiteElo "1790"]
[BlackElo "1730"]
[Result "0-1"]
[Round "1"]
1.e4 e5
2.Ng1f3 Nb8c6
3.Bf1b5 a6
4.Bb5xc6 dxc6
5.O-O Bc8g4
6.h3 Bg4h5
7.d3 Bf8c5
8.g4 Bh5g6
9.Nf3xe5 Ng8e7
10.Bc1e3 Bc5xe3
11.fxe3 Qd8d6
12.d4 f6
13.Ne5xg6 Ne7xg6
14.Qd1f3 O-O
15.c4 Ng6h4
16.Qf3f4 g5
17.Qf4h2 Ra8e8
18.Nb1c3 Qd6b4
19.Rf1f2 Qb4xc4
20.Ra1f1 c5
21.Qh2xc7 Re8c8
22.Qc7xb7 cxd4
23.exd4 Qc4xd4
24.Qb7d5 Qd4xd5
25.Nc3xd5 f5
26.Nd5e7 Kg7
27.Ne7xc8 Rf8xc8
28.gxf5 Rc8c4
29.e5 h5
30.e6 Kf6
31.b3 Rc4c5
32.a4 Rc5e5
33.b4 g4
34.hxg4 hxg4
35.Rf2f4 Re5xf5
36.Rf4xg4 Nh4g6
{ resign }
0-1

[Event "Tourn. n8005"]
[Site "www.chess-mail.com"]
[Date "2015.02.02"]
[Round "1"]
[White "Blackpool"]
[Black "Anja"]
[WhiteElo "1870"]
[BlackElo "2020"]
[Result "1-0"]
[Round "1"]
1.e4 Ng8f6
2.e5 Nf6d5
3.d4 d6
4.Ng1f3 Bc8g4
5.Bf1e2 e6
6.O-O Bf8e7
7.c4 Nd5b6
8.exd6 cxd6
9.b3 Be7f6
10.Bc1b2 Nb8c6
11.Nb1d2 O-O
12.Nd2e4 Bg4xf3
13.Ne4xf6 Qd8xf6
14.Be2xf3 Rf8e8
15.Qd1d2 Ra8d8
16.Bf3xc6 bxc6
17.d5 Qf6e7
18.dxc6 { resign }
1-0

[Event "Tourn. n8005"]
[Site "www.chess-mail.com"]
[Date "2015.02.02"]
[Round "1"]
[White "Anja"]
[Black "Samael"]
[WhiteElo "2020"]
[BlackElo "2090"]
[Result "0-1"]
[Round "1"]
1.d4 d5
2.Bc1f4 e6
3.e3 Ng8f6
4.c4 Nb8c6
5.Ng1f3 Bf8e7
6.Nb1c3 a6
7.Bf1d3 O-O
8.O-O h6
9.Rf1e1 Bc8d7
10.cxd5 Nf6xd5
{ resign }
0-1

[Event "Tourn. n8005"]
[Site "www.chess-mail.com"]
[Date "2015.02.02"]
[Round "1"]
[White "Anja"]
[Black "Osopanda"]
[WhiteElo "2020"]
[BlackElo "2060"]
[Result "0-1"]
[Round "1"]
1.d4 Ng8f6
2.Bc1f4 d6
3.c4 g6
4.Nb1c3 Bf8g7
5.e4 c6
6.Ng1f3 O-O
7.Qd1d2 Qd8c7
8.c5 Bc8g4
9.Bf1e2 Rf8e8
10.e5 Nf6h5
11.h3 Nh5xf4
12.Qd2xf4 Bg4xf3
13.Be2xf3 dxe5
14.Qf4g3 Qc7a5
15.O-O exd4
16.Nc3e4 Nb8d7
{ resign }
0-1

[Event "Tourn. n8016"]
[Site "www.chess-mail.com"]
[Date "2015.02.02"]
[Round "1"]
[White "Terrible"]
[Black "Krasin"]
[WhiteElo "2290"]
[BlackElo "2190"]
[Result "0-1"]
[Round "1"]
1.Ng1f3 f5
2.d4 Ng8f6
3.g3 g6
4.Bf1g2 Bf8g7
5.c4 d6
6.Nb1c3 O-O
7.d5 Nb8a6
8.Nf3d4 e5
9.dxe6 c6
10.b3 Qd8e7
11.O-O Bc8xe6
12.Nd4xe6 Qe7xe6
13.Bc1b2 Nf6e4
14.Qd1c1 Ne4xc3
15.Bb2xc3 Na6c5
16.Bc3xg7 Kxg7
17.Qc1b2 Qe6e5
18.Qb2xe5 dxe5
19.Rf1d1 Ra8d8
20.Kf1 Kf6
21.Ke1 e4
22.Rd1xd8 Rf8xd8
23.Ra1d1 Rd8xd1
24.Kxd1 Ke5
25.Kd2 g5
26.Bg2h3 Nc5d7
27.e3 Nd7c5
28.Bh3f1 Nc5d7
29.Bf1h3 Nd7f6
30.Ke2 a5
31.Kd2 h6
32.Ke2 b5
33.Kd2 b4
34.Kc2 Nf6d7
35.Bh3f1 Nd7c5
36.Bf1e2 f4
37.Kd2 a4
38.Kc2 axb3
39.axb3 f3
40.Be2f1 g4
41.Kb2 h5
42.Kc2 Kf6
43.Kb2 Kg5
44.Kc2 h4
45.Kb2 hxg3
46.hxg3 Kf6
47.Kc2 Kf5
48.Kb2 Nc5e6
49.Kc2 Ne6g5
50.Kd2 Ng5h3
51.Ke1 c5
{ resign }
0-1

[Event "Tourn. n8019"]
[Site "www.chess-mail.com"]
[Date "2015.02.02"]
[Round "1"]
[White "Anja"]
[Black "Supernovae"]
[WhiteElo "1990"]
[BlackElo "1850"]
[Result "0-1"]
[Round "1"]
1.d4 Ng8f6
2.Bc1f4 d5
3.Ng1f3 c5
4.c3 Bc8f5
5.dxc5 g6
6.e3 Bf8g7
7.Nb1d2 O-O
8.b4 b6
9.cxb6 Qd8xb6
{ resign }
0-1

[Event "Tourn. n7879"]
[Site "www.chess-mail.com"]
[Date "2015.02.02"]
[Round "1"]
[White "Manolinex"]
[Black "Merlino23"]
[WhiteElo "2710"]
[BlackElo "2610"]
[Result "1/2-1/2"]
[Round "1"]
1.d4 Ng8f6
2.c4 g6
3.Nb1c3 Bf8g7
4.e4 d6
5.Ng1f3 O-O
6.Bf1e2 e5
7.dxe5 dxe5
8.O-O Nb8c6
9.Bc1g5 Qd8xd1
10.Ra1xd1 Bc8g4
11.Rd1d2 Bg4xf3
12.Be2xf3 Nc6d4
13.Nc3d5 Nf6xd5
14.cxd5 f6
15.Bg5e3 Nd4xf3
16.gxf3 Rf8f7
17.Kg2 Bg7f8
18.Rf1c1 f5
19.Rd2d3 Bf8d6
20.Rd3b3 b6
21.h4 Kg7
22.Rc1h1 f4
23.Be3d2 a5
24.Rb3c3 Kh6
{ draw }
1/2-1/2

[Event "Tourn. n8038"]
[Site "www.chess-mail.com"]
[Date "2015.02.02"]
[Round "1"]
[White "Difficult"]
[Black "Aperturaf"]
[WhiteElo "2000"]
[BlackElo "2250"]
[Result "0-1"]
[Round "1"]
1.e4 e6
2.d4 d5
3.exd5 exd5
4.Bf1d3 Bf8d6
5.Ng1f3 Ng8f6
6.O-O O-O
7.Nb1d2 Rf8e8
8.Rf1e1 Nb8c6
9.Re1xe8 Qd8xe8
10.c3 Nc6e7
11.Nd2f1 Bc8g4
12.h3 Bg4d7
13.Bc1g5 Nf6e4
14.Qd1c2 Ne4xg5
15.Nf3xg5 f6
16.Bd3xh7 Kh8
17.Ng5f3 g6
{ resign }
0-1

[Event "Tourn. n7970"]
[Site "www.chess-mail.com"]
[Date "2015.02.02"]
[Round "1"]
[White "Anja"]
[Black "Falcoale"]
[WhiteElo "1980"]
[BlackElo "1890"]
[Result "0-1"]
[Round "1"]
1.d4 Ng8f6
2.Bc1f4 b6
3.c4 Bc8b7
4.Nb1c3 e6
5.f3 Bf8b4
6.e4 O-O
7.Bf1d3 c5
8.d5 exd5
9.cxd5 Rf8e8
10.Ng1e2 d6
11.O-O a6
12.a3 Bb4a5
13.Ne2g3 b5
14.Ng3f5 Ba5c7
15.Bd3xb5 axb5
16.Nc3xb5 Bb7a6
17.Nb5xc7 Qd8xc7
18.Nf5xd6 Re8d8
19.e5 Nf6e8
20.Nd6xe8 Rd8xe8
21.d6 Qc7b6
22.Rf1e1 Nb8d7
23.Qd1d5 Ba6b7
24.Qd5c4 Bb7a6
25.Qc4c3 Ra8b8
26.Ra1b1 Rb8b7
27.Kh1 c4
28.Bf4e3 Qb6c6
29.f4 Rb7b3
30.Qc3d4 Rb3d3
{ resign }
0-1

[Event "Tourn. n8019"]
[Site "www.chess-mail.com"]
[Date "2015.02.02"]
[Round "1"]
[White "Colchester"]
[Black "Anja"]
[WhiteElo "1800"]
[BlackElo "1990"]
[Result "1-0"]
[Round "1"]
1.d4 f5
2.Ng1f3 Ng8f6
3.b3 g6
4.Bc1b2 Bf8g7
5.c4 O-O
6.e3 d6
7.Qd1c2 Nb8d7
8.Nb1d2 { resign }
1-0

[Event "Tourn. n8021"]
[Site "www.chess-mail.com"]
[Date "2015.02.02"]
[Round "1"]
[White "Hundegana"]
[Black "Anja"]
[WhiteElo "1910"]
[BlackElo "1980"]
[Result "1-0"]
[Round "1"]
1.e4 Ng8f6
2.e5 Nf6d5
3.c4 Nd5b6
4.Nb1c3 d6
5.Ng1f3 Nb8c6
6.exd6 exd6
7.Qd1e2 Bc8e6
8.d4 d5
9.c5 Nb6d7
10.Nc3xd5 { resign }
1-0

[Event "Tourn. n7967"]
[Site "www.chess-mail.com"]
[Date "2015.02.02"]
[Round "1"]
[White "Oxycontin"]
[Black "Anja"]
[WhiteElo "2090"]
[BlackElo "1990"]
[Result "1-0"]
[Round "1"]
1.e4 Ng8f6
2.e5 Nf6d5
3.d4 d6
4.c4 Nd5b6
5.exd6 exd6
6.Ng1f3 Bc8g4
7.Nb1d2 Nb8c6
8.Qd1e2 Bf8e7
9.Qe2e4 Qd8d7
10.Bf1d3 O-O-O
11.O-O Rd8e8
12.Qe4f4 Be7f6
13.a3 h5
14.b4 Rh8h6
15.h3 g5
16.Qf4h2 Re8h8
17.Bc1b2 Bg4xf3
18.Nd2xf3 g4
19.d5 Bf6xb2
20.dxc6 bxc6
21.Nf3h4 { resign }
1-0